|
|
|
|
| LEADER |
00000nam a2200000 a 4500 |
| 001 |
vtls010575364 |
| 003 |
SK-MaSNL |
| 005 |
20260301140341.0 |
| 008 |
160429s2013 xo a e n 000 0 slo |
| 015 |
|
|
|a SNBA2014/02
|
| 020 |
|
|
|a 9788055315218
|q (brož.)
|
| 035 |
|
|
|a E1A93A37-22DB-48F6-B839-9C6915D2C31F
|
| 035 |
|
|
|a urn:nbn:sk:snk-amjz1y
|
| 035 |
|
|
|a urn:nbn:sk:snk-am00807j
|
| 040 |
|
|
|a SNK
|b slo
|c SNK
|e AACR2
|
| 041 |
0 |
|
|a slo
|
| 044 |
|
|
|a xo
|c SK
|
| 072 |
|
7 |
|a 005
|x Manažment. Riadenie
|2 konspekt
|
| 080 |
|
|
|a 005.6
|2 2001
|
| 080 |
|
|
|a (075.8)
|2 2001
|
| 245 |
0 |
0 |
|a Systém manažérstva kvality
|c Štefan Markuliak ... [et al.]
|
| 250 |
|
|
|a 2. dopl. vyd.
|
| 260 |
|
|
|a Košice
|b Technická univerzita, Strojnícka fakulta
|c 2013
|
| 300 |
|
|
|a 96 s.
|b sch., tab.
|c 29 cm
|
| 366 |
|
|
|e 100 výt.
|
| 490 |
1 |
|
|a Edícia študijnej literatúry
|
| 500 |
|
|
|a Bibliogr.: s. 94-96
|
| 650 |
0 |
7 |
|a manažment kvality
|2 SNKPH
|9 932
|
| 650 |
0 |
7 |
|a Quality management
|2 SNKPHeng
|9 276990
|
| 655 |
|
7 |
|a učebnice vysokých škôl
|2 SNKPH
|9 70191
|
| 655 |
|
7 |
|a Textbooks (higher)
|2 SNKPHeng
|9 276436
|
| 700 |
1 |
|
|a Markuliak, Štefan
|4 aut
|9 492907
|
| 700 |
1 |
|
|a Namešanská, Jana
|4 aut
|9 345423
|
| 700 |
1 |
|
|a Nagyová, Anna
|4 aut
|9 7044
|
| 700 |
1 |
|
|a Opačaiová, Hana
|4 aut
|9 492908
|
| 810 |
2 |
|
|a Technická univerzita v Košiciach.
|b Strojnícka fakulta
|t Edícia študijnej literatúry
|9 312999
|
| 919 |
|
|
|a 978-80-553-1521-8
|
| 958 |
|
|
|a NB
|
| 999 |
|
|
|c 763370
|d 765300
|
| 952 |
|
|
|a SNK
|b SNK
|y PREZ
|7 0
|p 17A1104246
|o snkSB 86213
|i snk2014/4057
|8 0
|0 0
|1 0
|4 0
|d 2014-02-10
|f 1
|l 0
|r 2025-05-07 00:00:00
|w 2026-02-24
|
| 952 |
|
|
|a SNK
|b SNK
|y VYP
|7 0
|p 17A1104245
|o snkSB 86213 D1
|i snk2014/4058
|8 0
|0 0
|1 0
|4 0
|d 2014-02-10
|l 0
|r 2016-06-30 00:00:00
|w 2026-02-24
|